000 00289nam a22001337a 4500
020 _a0-553-20884-5
082 _a823
_bHES/S
100 _aHESSE, HERMANN
245 _aSIDDHARTHA
260 _aNEW YORK
_bBANTAM BOOKS
_c1971
300 _a152
650 _aNOVEL
_zUNITED STATES
942 _cBK
999 _c3306
_d3306